[Event "MCR mladeze 2014, Open A"]
[Site "Kouty nad Desnou"]
[Date "2014.03.13"]
[Round "7"]
[White "Richterova, Natasa"]
[Black "Moravec, Vit"]
[Result "1/2-1/2"]
[WhiteElo "2036"]
[BlackElo "2179"]
[PlyCount "136"]
[EventDate "2014.??.??"]

1. e4 d6 2. d4 Nf6 3. Nc3 g6 4. Be2 Bg7 5. Nf3 O-O 6. O-O c5 7. d5 Na6 8. h3
Nc7 9. a4 a6 10. Re1 Rb8 11. a5 Nd7 12. Bf1 b5 13. axb6 Rxb6 14. Na4 Rb8 15.
Ra2 Nb6 16. Nxb6 Rxb6 17. Bc4 e5 18. dxe6 Bxe6 19. Bxe6 Nxe6 20. Qd3 Qc8 21.
Nd2 Nf4 22. Qf3 Qe6 23. b3 Nd5 24. Nc4 Nb4 25. Nxb6 Nxa2 26. Bd2 Nb4 27. Qd1
Rd8 28. Bg5 Re8 29. Bd2 a5 30. Nd5 Rb8 31. Bxb4 axb4 32. Qd3 Qe5 33. Rd1 Ra8
34. Nb6 Ra1 35. Nc4 Rxd1+ 36. Qxd1 Qxe4 37. Nxd6 Qe6 38. Nc4 Bd4 39. Qd2 h5 40.
Kf1 Qf5 41. Kg1 Kg7 42. Nd6 Qe6 43. Nc4 Qe4 44. Nd6 Qe7 45. Nc4 f6 46. Kf1 Qe4
47. Kg1 g5 48. Nd6 Qe6 49. Nb5 Be5 50. Qd3 Kh6 51. Qd1 Qa6 52. Qf1 Kg7 53. g3
h4 54. gxh4 gxh4 55. Qg2+ Kf8 56. Qf1 Qb7 57. Qd3 Kg7 58. Kf1 Qh1+ 59. Ke2 Qc6
60. Na7 Qb7 61. Nb5 Qe7 62. Qe4 Qd7 63. Qd3 Qb7 64. Qc4 Qb6 65. Qg4+ Kf7 66.
Qd7+ Kg6 67. Qg4+ Kf7 68. Qd7+ Kf8 1/2-1/2

[Event "MCR mladeze 2014, Open A"]
[Site "Kouty nad Desnou"]
[Date "2014.03.13"]
[Round "7"]
[White "Pycha, Patrik"]
[Black "Simunek, Filip"]
[Result "1/2-1/2"]
[WhiteElo "1997"]
[BlackElo "2176"]
[PlyCount "86"]
[EventDate "2014.03.08"]

1. e4 c5 2. b3 Nc6 3. Nc3 g6 4. Bb2 Bg7 5. Bc4 e6 6. Nf3 Nge7 7. O-O O-O 8. Na4
d5 9. exd5 exd5 10. Bxg7 Kxg7 11. Bb5 Qa5 12. Bxc6 Nxc6 13. d4 c4 14. Qe1 Bf5
15. Qxa5 Nxa5 16. Rac1 Rfe8 17. Nh4 Kf6 18. Nxf5 Kxf5 19. Nc3 Rad8 20. Rfe1
cxb3 21. cxb3 Re6 22. Kf1 Nc6 23. Red1 g5 24. h3 h5 25. g3 Kf6 26. Rd2 Kf5 27.
Rcd1 Nb4 28. a3 Nc6 29. b4 b6 30. Re2 Rde8 31. Rxe6 fxe6 32. Nb5 Re7 33. Rc1
Nd8 34. Nd6+ Kf6 35. Rc8 Rd7 36. Nb5 e5 37. Ke2 a6 38. dxe5+ Kxe5 39. Nc7 a5
40. bxa5 bxa5 41. Na6 Ne6 42. Nc5 Nxc5 43. Rxc5 Ra7 1/2-1/2

[Event "MCR mladeze 2014, Open A"]
[Site "Kouty nad Desnou"]
[Date "2014.03.13"]
[Round "7"]
[White "Haring, Viktor"]
[Black "Novak, Jiri"]
[Result "1-0"]
[WhiteElo "2109"]
[BlackElo "1869"]
[PlyCount "99"]
[EventDate "2014.03.08"]

1. e4 e5 2. Nf3 Nc6 3. Bb5 a6 4. Ba4 Nf6 5. O-O Be7 6. Re1 b5 7. Bb3 O-O 8. c3
d5 9. exd5 Nxd5 10. Nxe5 Nxe5 11. Rxe5 c6 12. d4 Bd6 13. Re1 Qh4 14. g3 Qh3 15.
Qd3 Bg4 16. Qf1 Qh5 17. Bd1 Rae8 18. Bxg4 Qxg4 19. Nd2 f5 20. h3 Qg6 21. Nf3
Qh5 22. Rxe8 Rxe8 23. Qg2 Re6 24. Bd2 f4 25. Re1 Rxe1+ 26. Bxe1 Qf5 27. Nd2
fxg3 28. fxg3 h6 29. Ne4 Bc7 30. Bd2 a5 31. Kh2 h5 32. Qe2 h4 33. Kg2 Nf6 34.
Nxf6+ Qxf6 35. Qe8+ Kh7 36. Qe4+ Kg8 37. Qe8+ Kh7 38. Qe4+ Kg8 39. Bf4 hxg3 40.
Qe8+ Kh7 41. Qh5+ Kg8 42. Bxg3 Bxg3 43. Qe8+ Kh7 44. Qh5+ Kg8 45. Kxg3 a4 46.
Qe8+ Kh7 47. Qe4+ Kg8 48. Kg4 Qf2 49. Qe6+ Kh8 50. Qc8+ 1-0

[Event "MCR mladeze 2014, Open A"]
[Site "Kouty nad Desnou"]
[Date "2014.03.13"]
[Round "7"]
[White "Sabolova, Kristyna"]
[Black "Hrdina, Robin"]
[Result "0-1"]
[WhiteElo "1861"]
[BlackElo "2076"]
[PlyCount "52"]
[EventDate "2014.03.08"]

1. d4 Nf6 2. Nf3 e6 3. e3 b6 4. Bd3 Bb7 5. O-O Be7 6. b3 O-O 7. Bb2 Ne4 8. Nfd2
f5 9. f3 Nf6 10. c4 Qe8 11. Nc3 Qg6 12. e4 Qh6 13. Qe1 Nc6 14. exf5 Nxd4 15.
fxe6 Bd6 16. g3 Bc5 17. Kh1 Ng4 18. h4 Nxf3 19. Nxf3 Rxf3 20. Be4 Rxf1+ 21.
Qxf1 Nf2+ 22. Kh2 Nxe4 23. Qf7+ Kh8 24. Nxe4 Bxe4 25. Rd1 Bd6 26. Kh3 Qxe6+ 0-1

[Event "MCR mladeze 2014, Open A"]
[Site "Kouty nad Desnou"]
[Date "2014.03.13"]
[Round "7"]
[White "Bocek, Tadeas"]
[Black "Walek, Petr"]
[Result "1/2-1/2"]
[WhiteElo "1811"]
[BlackElo "2070"]
[PlyCount "60"]
[EventDate "2014.03.08"]

1. e4 c5 2. c3 Nf6 3. e5 Nd5 4. d4 cxd4 5. cxd4 d6 6. Nf3 Nc6 7. Bc4 e6 8. O-O
Nb6 9. Bb5 Bd7 10. Nc3 d5 11. a4 Nb4 12. Bg5 Be7 13. Bxe7 Qxe7 14. a5 Nc8 15.
Qa4 Na6 16. Rfc1 Bxb5 17. Nxb5 O-O 18. Rc3 Qb4 19. Nc7 Qxa4 20. Rxa4 Rb8 21.
Ra1 Nb4 22. Ne1 a6 23. Nc2 Nxc2 24. Rxc2 Na7 25. Rac1 Rfc8 26. Kf1 Kf8 27. b4
Ke7 28. Ke2 Kd7 29. Kd2 b5 30. Rc5 f6 1/2-1/2

[Event "MCR mladeze 2014, Open A"]
[Site "Kouty nad Desnou"]
[Date "2014.03.13"]
[Round "7"]
[White "Bobek, Daniel"]
[Black "Hlavac, Rudolf"]
[Result "0-1"]
[WhiteElo "1707"]
[BlackElo "2000"]
[PlyCount "52"]
[EventDate "2014.03.08"]

1. e4 c5 2. Nf3 Nc6 3. d4 cxd4 4. Nxd4 Nf6 5. Nc3 e5 6. Ndb5 d6 7. Nd5 Nxd5 8.
Qxd5 Be6 9. Qd1 a6 10. Nc3 Rc8 11. Be3 Be7 12. a3 O-O 13. Be2 Na5 14. Na4 Nc4
15. Bxc4 Rxc4 16. Nc3 f5 17. exf5 Rxf5 18. O-O d5 19. Ne2 d4 20. Bc1 Rf8 21. f3
Qb6 22. Kh1 Bf5 23. c3 d3 24. Ng3 Bg6 25. Re1 Rd8 26. Ra2 Bf7 0-1

[Event "MCR mladeze 2014, Open A"]
[Site "Kouty nad Desnou"]
[Date "2014.03.13"]
[Round "7"]
[White "Liduch, Filip"]
[Black "Zilavy, Jan"]
[Result "1/2-1/2"]
[WhiteElo "1901"]
[BlackElo "1816"]
[PlyCount "54"]
[EventDate "2014.03.08"]

1. e4 e6 2. d4 d5 3. e5 c5 4. c3 Nc6 5. Nf3 Qb6 6. a3 Nge7 7. b4 cxd4 8. cxd4
Bd7 9. Be3 Nf5 10. Bd3 Nxe3 11. fxe3 Rc8 12. O-O Ne7 13. Ng5 Nf5 14. Qf3 Be7
15. Nxf7 O-O 16. Bxf5 exf5 17. Nd6 Bxd6 18. Qxd5+ Kh8 19. exd6 Rc2 20. Ra2 Rxa2
21. Qxa2 Qxd6 22. Qd2 Re8 23. Nc3 Qe6 24. Rc1 Qb3 25. Nb1 Bc6 26. Qc3 Qd5 27.
Qd2 Qb3 1/2-1/2

[Event "MCR mladeze 2014, Open A"]
[Site "Kouty nad Desnou"]
[Date "2014.03.13"]
[Round "7"]
[White "Bartos, Vaclav"]
[Black "Tuma, Jan"]
[Result "1/2-1/2"]
[WhiteElo "1746"]
[BlackElo "1835"]
[PlyCount "69"]
[EventDate "2014.03.08"]

1. Nf3 c5 2. g3 g6 3. Bg2 Bg7 4. O-O Nc6 5. d3 e6 6. c3 Nge7 7. Nbd2 f5 8. e4
O-O 9. Re1 Qc7 10. a4 b6 11. exf5 Nxf5 12. Nc4 Bb7 13. Bf4 Qd8 14. Nd6 Nxd6 15.
Bxd6 Ne7 16. d4 cxd4 17. Nxd4 Bxg2 18. Kxg2 Bxd4 19. Qxd4 Nf5 20. Qd2 Nxd6 21.
Qxd6 Qf6 22. f4 Rf7 23. Rad1 Qf5 24. Qd3 Qc5 25. Qb5 Qc7 26. h4 Raf8 27. Rd4
Qb7+ 28. Kh2 Rg7 29. Qd3 h6 30. Re5 Rff7 31. b4 g5 32. f5 gxh4 33. Rxh4 Rf6 34.
Qe3 Rg5 35. fxe6 1/2-1/2

[Event "MCR mladeze 2014, Open A"]
[Site "Kouty nad Desnou"]
[Date "2014.03.13"]
[Round "7"]
[White "Zuziak, Petr"]
[Black "Vaculik, Jakub"]
[Result "0-1"]
[WhiteElo "1726"]
[BlackElo "2026"]
[PlyCount "68"]
[EventDate "2014.03.08"]

1. d4 Nf6 2. Nf3 c5 3. e3 d5 4. c4 cxd4 5. exd4 e6 6. Nc3 Bb4 7. Bd2 O-O 8. Bd3
Nc6 9. a3 Bxc3 10. Bxc3 dxc4 11. Bxc4 b6 12. O-O Bb7 13. Ne5 Qc7 14. Qc2 Rfd8
15. Rad1 Rac8 16. Bb3 h6 17. Qe2 Nd5 18. Bxd5 Rxd5 19. f4 Ne7 20. g4 Nc6 21. h4
Rcd8 22. Nxc6 Qxc6 23. Kh2 g6 24. Qf3 a5 25. Rfe1 Qa4 26. Qf1 h5 27. g5 b5 28.
Re3 b4 29. axb4 axb4 30. Ra1 Qb3 31. Rb1 Qc2+ 32. Re2 Qf5 33. Bxb4 Ba6 34. Re5
Rxe5 0-1

[Event "MCR mladeze 2014, Open A"]
[Site "Kouty nad Desnou"]
[Date "2014.03.13"]
[Round "7"]
[White "Machalik, Marek"]
[Black "Luzikova, Nicola"]
[Result "1-0"]
[WhiteElo "1949"]
[BlackElo "1695"]
[PlyCount "97"]
[EventDate "2014.03.08"]

1. e4 d5 2. exd5 Nf6 3. d4 Nxd5 4. Nf3 Bg4 5. Be2 e6 6. c4 Nb6 7. O-O c5 8. Be3
cxd4 9. Nxd4 Bxe2 10. Qxe2 Qc7 11. Nb5 Qc6 12. Bf4 Na6 13. b3 Be7 14. N1c3 O-O
15. Rad1 Nc5 16. Nd4 Qc8 17. Rfe1 a6 18. Qc2 Ncd7 19. Qe2 Bf6 20. Ne4 Bxd4 21.
Rxd4 e5 22. Bxe5 Nxe5 23. Nd6 Qd7 24. Qxe5 Rad8 25. Nf5 f6 26. Rxd7 fxe5 27.
Rxg7+ Kh8 28. Rxb7 Nxc4 29. bxc4 Rxf5 30. Rb2 Rc8 31. Rc2 Kg7 32. f3 Rc5 33.
Rd1 Rf7 34. Rd5 Rxd5 35. cxd5 Rd7 36. Rd2 Kf6 37. Kf2 Ke7 38. Ke3 Kd6 39. Ke4
Rb7 40. g3 Rb4+ 41. Kf5 Ra4 42. f4 e4 43. Kg4 e3 44. Re2 Kxd5 45. Rxe3 Rxa2 46.
h4 a5 47. Re7 h6 48. Rh7 Ke4 49. Rxh6 1-0

[Event "MCR mladeze 2014, Open A"]
[Site "Kouty nad Desnou"]
[Date "2014.03.13"]
[Round "7"]
[White "Kotyk, Vaclav"]
[Black "Sosovicka, Jakub"]
[Result "0-1"]
[WhiteElo "1851"]
[BlackElo "1677"]
[PlyCount "120"]
[EventDate "2014.03.08"]

1. e4 c5 2. Nf3 d6 3. d4 cxd4 4. Nxd4 Nf6 5. Nc3 a6 6. Be3 e5 7. Nb3 Be7 8. f3
Be6 9. Qd2 O-O 10. O-O-O Nbd7 11. g4 b5 12. g5 Ne8 13. h4 b4 14. Ne2 a5 15. Kb1
a4 16. Nbc1 b3 17. f4 Nb6 18. Nc3 a3 19. cxb3 axb2 20. Qxb2 d5 21. exd5 Bf5+
22. Bd3 Ba3 23. Qd2 exf4 24. Bxf4 Bxd3+ 25. Qxd3 Nd6 26. h5 Rb8 27. h6 g6 28.
Ne4 Nbc4 29. Nf6+ Kh8 30. Qd4 Bb2 31. Qc5 Nb5 32. bxc4 Na3+ 33. Qxa3 Bxa3+ 34.
Nb3 Qc8 35. Be3 Qf5+ 36. Ka1 Rxb3 37. axb3 Ra8 38. Rh2 Bd6+ 39. Ra2 Be5+ 40.
Bd4 Bxd4+ 41. Rxd4 Qf1+ 42. Kb2 Qf2+ 43. Kc3 Qxa2 44. d6 Qa1+ 45. Kd3 Qd1+ 46.
Ke4 Qe2+ 47. Kd5 Qe6+ 48. Kc5 Rc8+ 49. Kb5 Rb8+ 50. Kc6 Qc8+ 51. Kd5 Qb7+ 52.
Ke5 Qxb3 53. d7 Rd8 54. Kd6 Qb8+ 55. Ke7 Qc7 56. Rd5 Rb8 57. Ne8 Qd8+ 58. Kd6
Rb6+ 59. Kc5 Re6 60. Nf6 Qc7+ 0-1

[Event "MCR mladeze 2014, Open A"]
[Site "Kouty nad Desnou"]
[Date "2014.03.13"]
[Round "7"]
[White "Kabelka, Ondrej"]
[Black "Skorepa, Tomas"]
[Result "1/2-1/2"]
[WhiteElo "1673"]
[BlackElo "1783"]
[PlyCount "70"]
[EventDate "2014.03.08"]

1. d4 d5 2. c4 c6 3. Nf3 Nf6 4. Nc3 e6 5. e3 Nbd7 6. Qc2 Be7
7. b3 O-O 8. Bd3 b6 9. Bb2 Bb7 10. O-O Rc8 11. e4 dxe4 12. Nxe4 h6 13. Rad1 Qc7
14. Rfe1 Nxe4 15. Bxe4 Nf6 16. Bd3 Rfd8 17. Qe2 c5 18. d5 Re8 19. dxe6 Bd6 20.
exf7+ Kxf7 21. Qc2 Bxf3 22. gxf3 Bxh2+ 23. Kh1 Rxe1+ 24. Rxe1 Rd8 25. Bf5 Bd6
26. Be6+ Kf8 27. Qg6 Qe7 28. Bc3 Qe8 29. Qc2 Qh5+ 30. Kg2 Re8 31. Qf5 Qxf5 32.
Bxf5 Rxe1 33. Bxe1 Kf7 34. Bc3 g6 35. Bxf6 Kxf6 1/2-1/2

[Event "MCR mladeze 2014, Open A"]
[Site "Kouty nad Desnou"]
[Date "2014.03.13"]
[Round "7"]
[White "Zemkova, Klara"]
[Black "Kovarik, Matyas"]
[Result "0-1"]
[WhiteElo "1730"]
[BlackElo "1584"]
[PlyCount "78"]
[EventDate "2014.03.08"]

1. e4 e6 2. d4 d5 3. Nc3 Bb4 4. e5 c5 5. a3
Ba5 6. b4 cxd4 7. Qg4 Ne7 8. bxa5 dxc3 9. Bg5 Nbc6 10. f4 Bd7 11. Nf3 Qxa5 12.
Bd3 Qb6 13. Ke2 O-O-O 14. Rhb1 Qc5 15. Rb5 Nd4+ 16. Nxd4 Qxd4 17. Rb4 Qc5 18.
Rab1 Bc6 19. Bb5 Bxb5+ 20. Rxb5 Qc4+ 21. Ke1 h5 22. Qe2 Qxe2+ 23. Kxe2 Rd7 24.
Rc5+ Kb8 25. Bxe7 Rxe7 26. Rxc3 Rc8 27. Rxc8+ Kxc8 28. Rb3 Rc7 29. Kd2 Rc4 30.
Rf3 g6 31. h3 h4 32. Kc1 Kd7 33. Kb2 Kc6 34. c3 b5 35. Kc2 a5 36. Kb3 Kc5 37.
Rf2 Re4 38. Rf3 Re2 39. g3 a4# 0-1

[Event "MCR mladeze 2014, Open A"]
[Site "Kouty nad Desnou"]
[Date "2014.03.13"]
[Round "7"]
[White "Dumkova, Daniela"]
[Black "Korsa, Jiri"]
[Result "0-1"]
[WhiteElo "1645"]
[BlackElo "1716"]
[PlyCount "57"]
[EventDate "2014.03.08"]

1. e4 e5 2. Nf3 Nc6 3. Nc3 Nf6 4. d3 d5 5. Bg5 d4 6. Nd5 Be6 7. Nxf6+ gxf6 8.
Bh4 Be7 9. Bg3 Qd6 10. Qd2 Qb4 11. c3 Qa5 12. Qc2 dxc3 13. bxc3 Nd4 14. Nxd4
exd4 15. Be2 Qxc3+ 16. Qxc3 dxc3 17. Bxc7 Ba3 18. Bf4 Bb2 19. Rc1 Bxc1 20. Bxc1
Bxa2 21. d4 O-O 22. Bd3 a5 23. h4 Rfc8 24. Bc2 b5 25. Bh6 Kh8 26. Rh3 b4 27.
Rg3 Rg8 28. Rf3 Rxg2 29. e5 0-1

[Event "MCR mladeze 2014, Open A"]
[Site "Kouty nad Desnou"]
[Date "2014.03.13"]
[Round "7"]
[White "Ferkova, Dominika"]
[Black "Macek, Oldrich"]
[Result "1-0"]
[WhiteElo "1590"]
[BlackElo "1672"]
[PlyCount "95"]
[EventDate "2014.03.08"]

1. d4 Nf6 2. c4 e6 3. Nc3 Bb4 4. Nf3 O-O 5. e3 Ne4 6. Bd2 Nxd2 7. Qxd2 d5 8. b3
Qe7 9. Bd3 f5 10. O-O c6 11. c5 Ba5 12. Nxd5 cxd5 13. Qxa5 Nc6 14. Qc3 g5 15.
h3 g4 16. hxg4 fxg4 17. Nh2 e5 18. dxe5 Nxe5 19. Be2 Qg5 20. Kh1 Ng6 21. Qd4 h5
22. f4 Qd8 23. Rad1 Be6 24. f5 Bxf5 25. Qxd5+ Qxd5 26. Rxd5 Be4 27. Rxh5 Rxf1+
28. Nxf1 Rf8 29. Kg1 Bf5 30. Rg5 Kg7 31. Bxg4 Bd3 32. Ng3 Rd8 33. Bf3 Kf6 34.
Rd5 Rxd5 35. Bxd5 Ba6 36. e4 Ke5 37. c6 bxc6 38. Bxc6 Nf4 39. b4 Bc4 40. a4 Nd3
41. b5 Bb3 42. a5 Ba4 43. a6 Nb4 44. Bb7 Nxa6 45. Kf2 Nc5 46. Bc6 a6 47. Ke3
Bxb5 48. Bd7 {necitelny zapis} 1-0

[Event "MCR mladeze 2014, Open A"]
[Site "Kouty nad Desnou"]
[Date "2014.03.13"]
[Round "7"]
[White "Ptacek, Jan"]
[Black "Miklasova, Emma"]
[Result "1/2-1/2"]
[WhiteElo "1621"]
[BlackElo "1590"]
[PlyCount "39"]
[EventDate "2014.03.08"]

1. e4 e5 2. Nf3 Nc6 3. Bc4 Nf6 4. d3 h6 5. Be3 Be7 6. a3 O-O 7. Nc3 d6 8. Qd2
Ng4 9. O-O Nxe3 10. fxe3 Be6 11. Nd5 a6 12. Qc3 Rc8 13. Nxe7+ Qxe7 14. Bxe6
Qxe6 15. Nd2 Ne7 16. Nb3 b6 17. Qd2 Rfd8 18. Rf3 d5 19. exd5 Nxd5 20. Qe2
1/2-1/2

[Event "MCR mladeze 2014, Open A"]
[Site "Kouty nad Desnou"]
[Date "2014.03.14"]
[Round "8"]
[White "Kislinsky, Alexey"]
[Black "Vojta, Tomas"]
[Result "1-0"]
[WhiteElo "2500"]
[BlackElo "2343"]
[PlyCount "135"]
[EventDate "2014.??.??"]

1. e4 d5 2. exd5 Nf6 3. Nf3 Qxd5 4. Nc3 Qd6 5. d4 a6 6. g3 b5 7. Bg2 Bb7 8. O-O
e6 9. Bf4 Qb6 10. a4 Bd6 11. Be3 Nd5 12. Ng5 Nxc3 13. bxc3 Bxg2 14. Kxg2 Qb7+
15. Qf3 Qxf3+ 16. Kxf3 b4 17. cxb4 Bxb4 18. Rab1 Nc6 19. c3 Ba5 20. Ne4 Ke7 21.
Ke2 Rab8 22. Kd3 Rhd8 23. Kc2 Bb6 24. f4 h6 25. Bc1 Na5 26. Ba3+ Kd7 27. Kd3
Kc6 28. Bb4 Rd5 29. Bxa5 Rxa5 30. Rb4 Rd8 31. Rc4+ Kb7 32. Rb1 Ka7 33. Nd2 Rad5
34. Nf3 f6 35. Re1 R8d6 36. Kc2 c5 37. Kd3 Kb7 38. h4 h5 39. Ke4 Rc6 40. Rc1
Kc7 41. Ne1 Kd7 42. Nd3 cxd4 43. Rxc6 Kxc6 44. Nb4+ Kc5 45. Nxd5 exd5+ 46. Kd3
dxc3 47. Kxc3 Kd6 48. Kd2 Bf2 49. Rc3 d4 50. Rf3 Be3+ 51. Kd3 Kc5 52. Rf1 Kb4
53. f5 Kxa4 54. Kc4 Ka5 55. Rb1 Bf2 56. Rb3 d3 57. Rxd3 Kb6 58. Rd6+ Kc7 59.
Rxa6 Bxg3 60. Kd5 Bxh4 61. Ra7+ Kd8 62. Rxg7 Bg5 63. Ke6 h4 64. Rh7 Kc8 65. Kd6
Bf4+ 66. Kc6 Kd8 67. Rxh4 Be5 68. Rh7 1-0

[Event "MCR mladeze 2014, Open A"]
[Site "Kouty nad Desnou"]
[Date "2014.03.14"]
[Round "8"]
[White "Melichar, Vojtech"]
[Black "Horak, Jiri"]
[Result "0-1"]
[WhiteElo "1952"]
[BlackElo "2150"]
[PlyCount "46"]
[EventDate "2014.??.??"]

1. e4 e5 2. Nf3 Nc6 3. Bc4 Bc5 4. c3 Nf6 5. d4 exd4 6. cxd4 Bb4+ 7. Bd2 Bxd2+
8. Nbxd2 d5 9. exd5 Nxd5 10. Qb3 Nce7 11. O-O O-O 12. Rfe1 c6 13. Ne4 Qb6 14.
Qa3 h6 15. Rac1 a5 16. Nd6 Qb4 17. Qxb4 axb4 18. Ne5 Nf5 19. Nexf7 Rxf7 20.
Re8+ Rf8 21. Bxd5+ cxd5 22. Rcxc8 Rxc8 23. Rxc8 Nxd6 0-1

[Event "MCR mladeze 2014, Open A"]
[Site "Kouty nad Desnou"]
[Date "2014.03.14"]
[Round "8"]
[White "Hrdina, Robin"]
[Black "Haring, Filip"]
[Result "1/2-1/2"]
[WhiteElo "2076"]
[BlackElo "1791"]
[PlyCount "95"]
[EventDate "2014.??.??"]

1. Nf3 d5 2. g3 c5 3. Bg2 Nc6 4. d4 Nf6 5. O-O e6 6. c3 Be7 7. Bg5 O-O 8. Nbd2
cxd4 9. Nxd4 e5 10. Nxc6 bxc6 11. Nb3 a5 12. c4 a4 13. Nd2 Be6 14. Qc2 h6 15.
Bxf6 Bxf6 16. Rfd1 Qb6 17. Rab1 e4 18. Nf1 Bd4 19. e3 Bf6 20. b3 axb3 21. axb3
Ra3 22. cxd5 cxd5 23. b4 Rc8 24. Qe2 Rca8 25. b5 Ra2 26. Rd2 Ra1 27. Rdd1 R8a2
28. Qe1 Rxb1 29. Rxb1 Ra5 30. Qe2 Bd7 31. f3 Rxb5 32. Rxb5 Bxb5 33. Qc2 Bxf1
34. Kxf1 g6 35. fxe4 Qxe3 36. Qf2 Qd3+ 37. Qe2 Qb1+ 38. Qe1 Qb5+ 39. Qe2 Qb1+
40. Qe1 Qxe1+ 41. Kxe1 d4 42. Ke2 Kf8 43. Kd3 Ke7 44. Bf3 Be5 45. g4 Kf6 46. h4
Ke6 47. h5 g5 48. Be2 1/2-1/2

[Event "MCR mladeze 2014, Open A"]
[Site "Kouty nad Desnou"]
[Date "2014.03.14"]
[Round "8"]
[White "Vecera, Petr"]
[Black "Haring, Viktor"]
[Result "1/2-1/2"]
[WhiteElo "2068"]
[BlackElo "2109"]
[PlyCount "86"]
[EventDate "2014.??.??"]

1. e4 c5 2. c3 Nf6 3. e5 Nd5 4. d4 cxd4 5. Nf3 e6 6. cxd4 d6 7. Nc3 Nxc3 8.
bxc3 Qc7 9. c4 Nd7 10. exd6 Bxd6 11. Bd2 e5 12. Bd3 O-O 13. Qc2 g6 14. h4 Re8
15. Kf1 exd4 16. h5 Nf8 17. Bh6 Bf4 18. Bxf8 Rxf8 19. Nxd4 Qe5 20. Nb3 Qf6 21.
Re1 Bg4 22. Nc5 Rae8 23. Ne4 Qe5 24. hxg6 hxg6 25. Rb1 f5 26. Nc3 Re6 27. c5
Re7 28. Bc4+ Kg7 29. Nd5 Rd7 30. Nxf4 Qxf4 31. Qc3+ Qd4 32. Qxd4+ Rxd4 33.
Rxb7+ Kf6 34. Bb3 Rfd8 35. f3 Bh5 36. Rg1 Rc8 37. Rb5 f4 38. g4 fxg3 39. Rxg3
Rd2 40. Rg2 Rd3 41. Rf2 Rxf3 42. Rxf3+ Bxf3 43. Ra5 Be4 1/2-1/2

[Event "MCR mladeze 2014, Open A"]
[Site "Kouty nad Desnou"]
[Date "2014.03.14"]
[Round "8"]
[White "Havlik, Jindrich"]
[Black "Vanka, Miloslav"]
[Result "1/2-1/2"]
[WhiteElo "2117"]
[BlackElo "2145"]
[PlyCount "128"]
[EventDate "2014.??.??"]

1. e4 e5 2. Nf3 Nc6 3. Nc3 Nf6 4. g3 Bc5 5. Bg2 d6 6. d3 a6 7. h3 h6 8. O-O Be6
9. Be3 Qd7 10. Kh2 Bxe3 11. fxe3 d5 12. exd5 Nxd5 13. Qd2 O-O-O 14. Nxd5 Bxd5
15. Qc3 f6 16. a3 e4 17. Ne1 exd3 18. Bxd5 Qxd5 19. cxd3 Rhe8 20. d4 Re4 21.
Rc1 Rde8 22. Ng2 Qd6 23. Qc5 Rd8 24. Qf5+ Qe6 25. Qxe6+ Rxe6 26. Rf3 Re4 27.
Kg1 Ne7 28. Nf4 Nd5 29. Kf2 c6 30. Rc5 Kc7 31. Nxd5+ Rxd5 32. Rxd5 cxd5 33. Ke2
Re6 34. Kd3 Rb6 35. Kc3 Rc6+ 36. Kd2 a5 37. g4 Kd7 38. Rf5 Ke6 39. e4 Rb6 40.
Rxd5 Rxb2+ 41. Kc3 Rh2 42. Rxa5 Rxh3+ 43. Kc4 Re3 44. Rb5 Rxe4 45. Rxb7 Rxg4
46. a4 Kd6 47. a5 Rg1 48. a6 Ra1 49. a7 g5 50. Rf7 Ke6 51. Rh7 h5 52. Kc5 h4
53. d5+ Ke5 54. Re7+ Kf5 55. d6 h3 56. d7 h2 57. d8=Q h1=Q 58. Qd3+ Kf4 59.
Qd6+ Kg4 60. Qd4+ Kf5 61. Qd7+ Kf4 62. Qd6+ Kf5 63. Qe6+ Kg6 64. Qf7+ Kf5
1/2-1/2

[Event "MCR mladeze 2014, Open A"]
[Site "Kouty nad Desnou"]
[Date "2014.03.14"]
[Round "8"]
[White "Peterson, Eric"]
[Black "Richterova, Natasa"]
[Result "1-0"]
[WhiteElo "2237"]
[BlackElo "2036"]
[PlyCount "131"]
[EventDate "2014.??.??"]

1. e4 Nf6 2. e5 Nd5 3. c4 Nb6 4. d4 d6 5. exd6 cxd6 6. Nc3 g6 7. Be3 Bg7 8. Rc1
O-O 9. b3 Bf5 10. Be2 d5 11. Bf3 Be6 12. Nge2 Nc6 13. c5 Nc8 14. Nf4 Rb8 15.
O-O Kh8 16. Qd2 Bf5 17. Rfd1 e6 18. g4 Be4 19. Nxe4 dxe4 20. Bxe4 Qh4 21. f3
N8e7 22. Ng2 Qh3 23. Nf4 Qh4 24. Ng2 Qh3 25. Qf2 e5 26. dxe5 Bxe5 27. Nf4 Bxf4
28. Bxf4 Rbd8 29. Bg5 Rxd1+ 30. Rxd1 f6 31. Qb2 Kg8 32. Bxf6 Qh6 33. Bxe7 Nxe7
34. Qd2 Qg7 35. Bxb7 Qe5 36. Bd5+ Kg7 37. Be4 Qxc5+ 38. Qd4+ Qxd4+ 39. Rxd4 Kf6
40. Rd7 a5 41. Ra7 Nc8 42. Rxa5 Nd6 43. g5+ Ke6 44. Kg2 Nxe4 45. fxe4 Rf4 46.
Kg3 Rxe4 47. Ra7 Kf5 48. h4 Re3+ 49. Kg2 Kg4 50. Ra4+ Kh5 51. Kf2 Rd3 52. Ke2
Rg3 53. Kd2 Rh3 54. Kc2 h6 55. gxh6 Kxh6 56. Rc4 Rh2+ 57. Kb1 Rh1+ 58. Kb2 Rh2+
59. Ka3 Rh3 60. Ka4 Kg7 61. Rf4 Rd3 62. b4 Re3 63. a3 Re5 64. b5 Re6 65. Kb4
Re1 66. a4 1-0

[Event "MCR mladeze 2014, Open A"]
[Site "Kouty nad Desnou"]
[Date "2014.03.14"]
[Round "8"]
[White "Moravec, Vit"]
[Black "Bocek, Tadeas"]
[Result "1-0"]
[WhiteElo "2179"]
[BlackElo "1811"]
[PlyCount "109"]
[EventDate "2014.03.08"]

1. c4 c5 2. g3 Nc6 3. Bg2 g6 4. Nc3 Bg7 5. Nf3 Nf6 6. O-O O-O 7. d3 d6 8. Rb1
Rb8 9. a3 a5 10. Bd2 Bd7 11. Ne1 Ne8 12. Nc2 f5 13. b4 axb4 14. axb4 b6 15. b5
Ne5 16. f4 Ng4 17. h3 Ngf6 18. Ra1 Nc7 19. Ne3 e6 20. Qb3 Kh8 21. Ra7 Re8 22.
Bf3 Nh5 23. Kh2 Bc8 24. Bc1 Re7 25. Bb2 Ne8 26. Rfa1 Nhf6 27. Ra8 Bb7 28. Bxb7
Rexb7 29. Rxb8 Qxb8 30. Qa2 Nc7 31. Ncd1 Kg8 32. Nf2 h5 33. Ng2 d5 34. Be5 Qd8
35. Nh4 Kf7 36. Nf3 Bh6 37. e3 Nd7 38. Qb2 Qe8 39. g4 hxg4 40. hxg4 Qg8 41.
gxf5 gxf5 42. Rg1 Qh7 43. Nh3 Ne8 44. cxd5 exd5 45. Qa2 Ndf6 46. Qa8 Re7 47.
Kg2 Qg6+ 48. Nhg5+ Bxg5 49. Nxg5+ Kf8 50. Bd6 Qg7 51. Qd8 Ng8 52. Rh1 Qb2+ 53.
Kf3 Qd2 54. Bxe7+ Nxe7 55. Rh8+ 1-0

[Event "MCR mladeze 2014, Open A"]
[Site "Kouty nad Desnou"]
[Date "2014.03.14"]
[Round "8"]
[White "Walek, Petr"]
[Black "Pycha, Patrik"]
[Result "1/2-1/2"]
[WhiteElo "2070"]
[BlackElo "1997"]
[PlyCount "106"]
[EventDate "2014.03.08"]

1. e4 e5 2. Nf3 Nf6 3. Nxe5 d6 4. Nf3 Nxe4 5. d4 d5 6. Bd3 Bd6 7. O-O O-O 8. c4
c6 9. Nc3 Nxc3 10. bxc3 dxc4 11. Bxc4 Bg4 12. Bd3 h6 13. Rb1 Qc7 14. h3 Be6 15.
c4 Nd7 16. Re1 a6 17. Qe2 Nf6 18. Ne5 b5 19. c5 Be7 20. Bf4 Qb7 21. Ng6 Rfe8
22. Nxe7+ Qxe7 23. Bd6 Qd7 24. Be5 Bf5 25. Rb3 Bxd3 26. Rxd3 Nd5 27. Qd2 f6 28.
Bg3 Rxe1+ 29. Qxe1 Re8 30. Qa5 Qf5 31. Rd1 Qc2 32. Re1 Rxe1+ 33. Qxe1 Kf7 34.
Qa5 Qd1+ 35. Kh2 Qxd4 36. Bd6 Qe4 37. Qxa6 Qe8 38. Qb7+ Kg6 39. a3 Nc3 40. Qc7
Ne2 41. Qa5 Qe4 42. Qd2 Nd4 43. Qb4 Qd5 44. a4 bxa4 45. Qxa4 Ne6 46. Qc2+ Kf7
47. Qc3 Ng5 48. f3 Ne6 49. Qb4 Nd4 50. Qb7+ Kg8 51. Qc8+ Kh7 52. Qg4 Ne6 53.
Qb4 Nd4 1/2-1/2

[Event "MCR mladeze 2014, Open A"]
[Site "Kouty nad Desnou"]
[Date "2014.03.14"]
[Round "8"]
[White "Hlavac, Rudolf"]
[Black "Malinovsky, Petr"]
[Result "1-0"]
[WhiteElo "2000"]
[BlackElo "2008"]
[PlyCount "127"]
[EventDate "2014.03.08"]

1. e4 c5 2. Nf3 e6 3. c3 Nf6 4. e5 Nd5 5. Bc4 Nb6 6. Bb3 d6 7. exd6 Bxd6 8. d4
cxd4 9. cxd4 N8d7 10. O-O O-O 11. Nc3 Nf6 12. Bg5 h6 13. Bh4 Be7 14. Rc1 Bd7
15. Ne5 Nfd5 16. Bxe7 Nxe7 17. d5 exd5 18. Nxd5 Nbxd5 19. Bxd5 Nxd5 20. Qxd5
Be6 21. Qxb7 Qa5 22. Nc6 Qxa2 23. b4 a6 24. Ra1 Qc4 25. Rfc1 Qf4 26. g3 Qf6 27.
Rxa6 Rxa6 28. Qxa6 Kh8 29. Qd3 Bf5 30. Qd4 Qe6 31. Qe5 Qc8 32. Rc5 Bh3 33. Rc1
Re8 34. Qd5 Be6 35. Qf3 Qb7 36. Qd3 Qc8 37. h4 Bf5 38. Qf1 Be4 39. b5 Qg4 40.
Re1 Qf3 41. Kh2 Rc8 42. Re3 Bxc6 43. Rxf3 Bxf3 44. b6 Rd8 45. g4 h5 46. Qb5
hxg4 47. Qc5 Rb8 48. Kg3 Rb7 49. Kf4 f6 50. Kf5 Kh7 51. h5 Rd7 52. Kf4 Rb7 53.
Qd6 Kh6 54. Kf5 Kh7 55. Qd8 Rf7 56. Qe8 Rb7 57. Qe6 Rb8 58. h6 Bb7 59. Qd6 Bc8+
60. Kf4 g5+ 61. Kg3 Rb7 62. Qxf6 Rd7 63. Qf5+ Kg8 64. Qxd7 1-0